Statistics for Samoan WWE Superstars

Click here to take the quiz!

General Stats

  • This quiz has been taken 1,733 times
  • The average score is 5 of 7

Answer Stats

Samoan Wrestler% Correct
Roman Reigns
88%
The Rock
88%
Jimmy Uso
86%
Jey Uso
85%
Rikishi
72%
Sika (Wild Samoans)
27%
Afa (Wild Samoans)
26%

Score Distribution

Percentile by Number Answered

Percent of People with Each Score

Your Score History

You have not taken this quiz